| 000 | 00646nam a2200145Ia 4500 | ||
|---|---|---|---|
| 008 | 170221s9999 xx 000 0 und d | ||
| 100 | _aLudmila Nikolaevna Deputatova | ||
| 245 | 4 | _aThe Development of Management System of Intellectual Work for Increasing Energy Efficiency of Companies | |
| 245 | _cLudmila Nikolaevna Deputatova, Eugeniia Rinatovna Mukhina, Anna Valerevna Marinina, Vladimir Pavlovich Postnikov, Eugeniia Andreevna Lazukova | ||
| 260 | _bInternational Review of Management and Marketing | ||
| 260 | _cJune 2012 | ||
| 300 | _a4:1 | ||
| 650 | _xMarketing. | ||
| 856 | _uhttp://www.econjournals.com/index.php/irmm/issue/view/83 | ||
| 999 |
_c310419 _d310419 |
||